[Event "Rhein Main op-A 18th"]
[Site "Bad Homburg"]
[Date "2015.06.05"]
[Round "4"]
[White "Goloborodko, Dimitri"]
[Black "Faqiry, Ramat"]
[Result "1/2-1/2"]
[WhiteElo "2096"]
[BlackElo "1995"]
[PlyCount "45"]
[EventDate "2015.06.03"]
[EventType "swiss"]
[EventRounds "7"]
[EventCountry "GER"]
[SourceTitle "CBM 167 Extra"]
[Source "ChessBase"]
[SourceDate "2015.09.14"]
[SourceVersion "1"]
[SourceVersionDate "2015.09.14"]
[SourceQuality "1"]

1. d4 Nf6 2. c4 e6 3. Nc3 Bb4 4. e3 b5 5. cxb5 a6 6. Qb3 Qe7 7. Nf3 0-0 8. Be2 axb5 9. 0-0 c6 10. Bd2 Na6 11. a3 Ba5 12. Ne5 Bb7 13. Bf3 Rfc8 14. Nd3 Rab8 15. Nd5 Nxd5 16. Bxa5 c5 17. dxc5 Nxc5 18. Nxc5 Qxc5 19. e4 Nf6 20. Rfe1 d5 21. exd5 Bxd5 22. Bxd5 Nxd5 23. Rad1 1/2-1/2

[Event "Rhein Main op-A 18th"]
[Site "Bad Homburg"]
[Date "2015.06.04"]
[Round "3"]
[White "Faqiry, Ramat"]
[Black "Beck, Andreas"]
[Result "1-0"]
[WhiteElo "1995"]
[BlackElo "1872"]
[PlyCount "97"]
[EventDate "2015.06.03"]
[EventType "swiss"]
[EventRounds "7"]
[EventCountry "GER"]
[SourceTitle "CBM 167 Extra"]
[Source "ChessBase"]
[SourceDate "2015.09.14"]
[SourceVersion "1"]
[SourceVersionDate "2015.09.14"]
[SourceQuality "1"]

1. d4 c5 2. Nf3 cxd4 3. Nxd4 d5 4. e3 e5 5. Nf3 Nc6 6. Be2 Nf6 7. 0-0 Be7 8. b3 0-0 9. Bb2 e4 10. Nd4 Nxd4 11. Bxd4 Be6 12. Nd2 a6 13. c4 Rc8 14. Rc1 dxc4 15. Nxc4 Bxc4 16. Rxc4 Rxc4 17. Bxc4 b5 18. Be2 Qc7 19. Qb1 Rc8 20. Bxf6 Bxf6 21. Qxe4 g6 22. Bf3 Qa5 23. Qb7 Rf8 24. Qc6 Kg7 25. a4 Rd8 26. axb5 axb5 27. Bd5 b4 28. e4 Qa7 29. g3 Rd7 30. Qc4 Bc3 31. Kg2 Rc7 32. Qe2 Re7 33. Qc2 Rc7 34. f4 f6 35. Qe2 Re7 36. Qf3 Bd4 37. e5 Qa2+ 38. Kh3 Qb2 39. Bc4 Qc2 40. Qd5 Qf5+ 41. g4 Qd7 42. Qg8+ Kh6 43. Qf8+ Rg7 44. Kh4 Be3 45. exf6 g5+ 46. Kh3 Bxf4 47. Qxg7+ Qxg7 48. fxg7 Kxg7 49. Rxf4 1-0

[Event "Rhein Main op-A 17th"]
[Site "Bad Homburg"]
[Date "2014.06.19"]
[Round "2"]
[White "Faqiry, Ramat"]
[Black "Benikhis, Avram"]
[Result "1-0"]
[WhiteElo "1997"]
[BlackElo "1890"]
[PlyCount "99"]
[EventDate "2014.06.18"]
[EventType "swiss"]
[EventRounds "7"]
[EventCountry "GER"]
[SourceTitle "CBM 161 Extra"]
[Source "ChessBase"]
[SourceDate "2014.08.29"]
[SourceVersion "1"]
[SourceVersionDate "2014.08.29"]
[SourceQuality "1"]

1. d4 d5 2. c4 dxc4 3. Nc3 c6 4. a4 e5 5. e3 exd4 6. exd4 Be6 7. Nf3 Bb4 8. Ne5 Nf6 9. Bxc4 Bxc4 10. Nxc4 0-0 11. 0-0 Nd5 12. Qd3 Na6 13. Ne4 Be7 14. Rd1 Nab4 15. Qf3 f5 16. Nc5 Bxc5 17. dxc5 Qe7 18. Nd6 b6 19. Bf4 Nxf4 20. Qxf4 Nd5 21. Qd2 bxc5 22. Nc4 f4 23. Re1 Qf6 24. Re5 f3 25. g3 Nb6 26. Rxc5 Qe6 27. Ne3 Rad8 28. Qc2 Rd6 29. Rh5 g6 30. Rh4 Nd5 31. Nc4 Rd7 32. Qe4 Qxe4 33. Rxe4 Re7 34. Rxe7 Nxe7 35. Ra3 Nd5 36. Ne5 Rb8 37. Rxf3 Rxb2 38. Nxc6 Ra2 39. Rd3 Nb6 40. a5 Nc4 41. Rd8+ Kg7 42. Rd7+ Kh6 43. Rxa7 g5 44. h3 Kg6 45. a6 h5 46. Ra8 Nb6 47. Rg8+ Kf6 48. a7 Rc2 49. Nb4 Rb2 50. Nd5+ 1-0

[Event "Rhein Main op-A 17th"]
[Site "Bad Homburg"]
[Date "2014.06.19"]
[Round "3"]
[White "Schroeder, Jan Christian"]
[Black "Faqiry, Ramat"]
[Result "1-0"]
[WhiteElo "2372"]
[BlackElo "1997"]
[PlyCount "57"]
[EventDate "2014.06.18"]
[EventType "swiss"]
[EventRounds "7"]
[EventCountry "GER"]
[SourceTitle "CBM 161 Extra"]
[Source "ChessBase"]
[SourceDate "2014.08.29"]
[SourceVersion "1"]
[SourceVersionDate "2014.08.29"]
[SourceQuality "1"]

1. d4 Nf6 2. Nf3 e6 3. e3 b6 4. Bd3 Bb7 5. 0-0 Ne4 6. c4 f5 7. Qc2 g5 8. d5 Nc5 9. Rd1 g4 10. Nd4 Nba6 11. Bf1 Qf6 12. Nc3 0-0-0 13. a3 Ne4 14. Nxe4 fxe4 15. b4 Bd6 16. Bb2 Be5 17. Qxe4 Rhf8 18. Rd2 exd5 19. cxd5 Rde8 20. Qxg4 Rg8 21. Qh5 Ref8 22. f4 Bxf4 23. exf4 Qxf4 24. Re2 Rg6 25. Rae1 Kb8 26. Re8+ Bc8 27. Qf3 Rxe8 28. Rxe8 Qxf3 29. Nxf3 1-0

[Event "Rhein Main op-A 16th"]
[Site "Bad Homburg"]
[Date "2013.05.30"]
[Round "2"]
[White "Faqiry, Ramat"]
[Black "Haubt, Georg"]
[Result "0-1"]
[WhiteElo "1983"]
[BlackElo "2214"]
[PlyCount "78"]
[EventDate "2013.05.29"]
[EventType "swiss"]
[EventRounds "7"]
[EventCountry "GER"]
[SourceTitle "EXT 2014"]
[Source "ChessBase"]
[SourceDate "2013.11.20"]
[SourceVersion "1"]
[SourceVersionDate "2013.11.20"]
[SourceQuality "1"]

1. Nf3 Nc6 2. c4 e5 3. Nc3 d6 4. g3 f5 5. d3 Nf6 6. e4 Be7 7. Bg2 0-0 8. exf5 Bxf5 9. 0-0 Qd7 10. a3 Bg4 11. Qd2 Bxf3 12. Bxf3 Nd4 13. Bd1 Qh3 14. Nb5 Ne6 15. f3 c6 16. Nc3 d5 17. b4 Rad8 18. Qe2 Bd6 19. cxd5 cxd5 20. Qa2 Bc7 21. Be3 d4 22. Bb3 Rde8 23. Nb5 Bb8 24. Bxd4 a6 25. Ba7 Bxa7+ 26. Nxa7 Kh8 27. Nc8 Ng5 28. Nd6 Rd8 29. Nc4 Qf5 30. Rad1 Nxf3+ 31. Kg2 Ng4 32. Qe2 Ngxh2 33. Rf2 Rf6 34. Ne3 Qh5 35. Bd5 Rdf8 36. Bxf3 Nxf3 37. Rh1 Nh4+ 38. Kg1 Qg5 39. g4 Rxf2 0-1

[Event "Rhein Main op-A 16th"]
[Site "Bad Homburg"]
[Date "2013.05.30"]
[Round "3"]
[White "Kretner, Georg Ulrich"]
[Black "Faqiry, Ramat"]
[Result "0-1"]
[WhiteElo "1883"]
[BlackElo "1983"]
[PlyCount "128"]
[EventDate "2013.05.29"]
[EventType "swiss"]
[EventRounds "7"]
[EventCountry "GER"]
[SourceTitle "EXT 2014"]
[Source "ChessBase"]
[SourceDate "2013.11.20"]
[SourceVersion "1"]
[SourceVersionDate "2013.11.20"]
[SourceQuality "1"]

1. d4 Nf6 2. Nf3 g6 3. c4 d5 4. cxd5 Nxd5 5. g3 Bg7 6. Bg2 0-0 7. 0-0 Nc6 8. h3 Bf5 9. Re1 Nb6 10. e4 Bd7 11. Nc3 e5 12. d5 Ne7 13. Bg5 h6 14. Be3 Nc4 15. Bc1 g5 16. Qd3 Nd6 17. b3 Ng6 18. Bb2 f5 19. Rac1 Qf6 20. exf5 Bxf5 21. Qd2 Rae8 22. Nd1 Re7 23. Ne3 Bxh3 24. Nxe5 Nxe5 25. Bxe5 Rxe5 26. Bxh3 Ne4 27. Qe2 Qxf2+ 28. Qxf2 Nxf2 29. Be6+ Rxe6 30. dxe6 Nd3 31. Nd5 Bd4+ 32. Kg2 Rf2+ 33. Kh1 Rxa2 34. e7 Nf2+ 35. Kg2 Ne4+ 36. Kf3 Nd6 37. e8Q+ Nxe8 38. Rxe8+ Kf7 39. Re7+ Kg6 40. Rcxc7 h5 41. Re6+ Kf5 42. Rf6+ Bxf6 43. Rxb7 g4+ 44. Ke3 Rg2 45. Nxf6 Rxg3+ 46. Kf2 Rf3+ 47. Kg2 Kxf6 48. Rxa7 Rxb3 49. Ra5 Kg6 50. Rc5 Rf3 51. Ra5 Rf5 52. Ra4 Kg5 53. Rb4 Rd5 54. Ra4 Rd2+ 55. Kg1 Kh4 56. Ra3 g3 57. Ra1 Kh3 58. Rb1 h4 59. Ra1 Rd4 60. Rb1 Kg4 61. Rc1 h3 62. Rb1 h2+ 63. Kg2 Rd2+ 64. Kh1 Kh3 0-1

[Event "Rhein Main op-A 16th"]
[Site "Bad Homburg"]
[Date "2013.05.29"]
[Round "1"]
[White "Schroeder, Jan Christian"]
[Black "Faqiry, Ramat"]
[Result "1/2-1/2"]
[WhiteElo "2322"]
[BlackElo "1983"]
[PlyCount "60"]
[EventDate "2013.05.29"]
[EventType "swiss"]
[EventRounds "7"]
[EventCountry "GER"]
[SourceTitle "EXT 2014"]
[Source "ChessBase"]
[SourceDate "2013.11.20"]
[SourceVersion "1"]
[SourceVersionDate "2013.11.20"]
[SourceQuality "1"]

1. e4 c5 2. Nf3 Nc6 3. d4 cxd4 4. Nxd4 Qb6 5. Nb3 Nf6 6. Bd3 e6 7. 0-0 Be7 8. Nc3 a6 9. Kh1 0-0 10. f4 d6 11. Qe2 Qc7 12. Bd2 b5 13. Rae1 Bb7 14. e5 Nd7 15. exd6 Bxd6 16. Ne4 Be7 17. Qh5 h6 18. f5 exf5 19. Qxf5 g6 20. Qh3 h5 21. Bh6 Rfe8 22. Rxf7 Kxf7 23. Rf1+ Bf6 24. Ng5+ Kg8 25. Bxg6 Nce5 26. Qxh5 Re7 27. Bf7+ Rxf7 28. Nxf7 Qxc2 29. Nd2 Qg6 30. Qxg6+ Nxg6 1/2-1/2

[Event "Hessenliga 1213"]
[Site "Germany"]
[Date "2013.05.05"]
[Round "9.7"]
[White "Faqiry, Ramat"]
[Black "Guenzler, Richard"]
[Result "1-0"]
[WhiteElo "1983"]
[BlackElo "1928"]
[PlyCount "83"]
[EventDate "2012.09.16"]
[EventType "team-tourn"]
[EventRounds "9"]
[EventCountry "GER"]
[SourceTitle "EXT 2014"]
[Source "ChessBase"]
[SourceDate "2013.11.20"]
[SourceVersion "1"]
[SourceVersionDate "2013.11.20"]
[SourceQuality "1"]
[WhiteTeam "Bad Homburg"]
[BlackTeam "Nied"]
[WhiteTeamCountry "GER"]
[BlackTeamCountry "GER"]

1. Nf3 Nf6 2. c4 g6 3. b3 Bg7 4. Bb2 0-0 5. g3 Nc6 6. Bg2 Re8 7. d3 d5 8. cxd5 Qxd5 9. 0-0 Qa5 10. Nbd2 Bg4 11. h3 Bxf3 12. Nxf3 e5 13. a3 Qb6 14. Qc2 Nd4 15. Nxd4 exd4 16. Rac1 c6 17. Rfe1 Rad8 18. b4 Bf8 19. e3 Bg7 20. Bxd4 Rxd4 21. exd4 Rd8 22. Qc5 Qa6 23. Qa5 Qxa5 24. bxa5 Nd5 25. a6 bxa6 26. Rxc6 Bxd4 27. Rxa6 Bb6 28. Ra4 Nc3 29. Rc4 Rxd3 30. a4 Nd1 31. Re2 Nc3 32. Rc2 Rd1+ 33. Kh2 Nd5 34. a5 Bd8 35. Rc8 Ne7 36. Ra8 Rd7 37. a6 Kg7 38. Rb8 Rd6 39. Rb7 Nf5 40. Rxa7 Nd4 41. Ra2 Bb6 42. Rb7 1-0

[Event "Hessenliga 1213"]
[Site "Germany"]
[Date "2013.04.21"]
[Round "8.8"]
[White "Faqiry, Ramat"]
[Black "Muth, Matthias Potisarath"]
[Result "1/2-1/2"]
[WhiteElo "1983"]
[BlackElo "2027"]
[PlyCount "25"]
[EventDate "2012.09.16"]
[EventType "team-tourn"]
[EventRounds "9"]
[EventCountry "GER"]
[SourceTitle "EXT 2014"]
[Source "ChessBase"]
[SourceDate "2013.11.20"]
[SourceVersion "1"]
[SourceVersionDate "2013.11.20"]
[SourceQuality "1"]
[WhiteTeam "Bad Homburg"]
[BlackTeam "Gelnhausen"]
[WhiteTeamCountry "GER"]
[BlackTeamCountry "GER"]

1. Nf3 d5 2. g3 Nf6 3. Bg2 c5 4. d4 e6 5. 0-0 Nc6 6. dxc5 Bxc5 7. a3 a5 8. Bf4 0-0 9. Ne5 Nxe5 10. Bxe5 Ng4 11. Bd4 Bd6 12. e3 Qg5 13. Nd2 1/2-1/2

[Event "Hessenliga 1213"]
[Site "Germany"]
[Date "2012.12.02"]
[Round "4.8"]
[White "Faqiry, Ramat"]
[Black "Diaz, Joaquin"]
[Result "0-1"]
[WhiteElo "1983"]
[BlackElo "2176"]
[PlyCount "120"]
[EventDate "2012.09.16"]
[EventType "team-tourn"]
[EventRounds "9"]
[EventCountry "GER"]
[SourceTitle "EXT 2014"]
[Source "ChessBase"]
[SourceDate "2013.11.20"]
[SourceVersion "1"]
[SourceVersionDate "2013.11.20"]
[SourceQuality "1"]
[WhiteTeam "Bad Homburg"]
[BlackTeam "Griesheim II"]
[WhiteTeamCountry "GER"]
[BlackTeamCountry "GER"]

1. c4 c6 2. Nc3 d5 3. e3 Nf6 4. Nf3 e6 5. b3 Nbd7 6. Bb2 Bd6 7. Be2 0-0 8. d4 Qe7 9. cxd5 exd5 10. 0-0 Re8 11. Bd3 Ne4 12. Qe2 f5 13. Rfe1 Ndf6 14. Ne5 Bxe5 15. dxe5 Ng4 16. f4 Be6 17. h3 Ngf2 18. Bxe4 Nxe4 19. Nxe4 dxe4 20. Rad1 a5 21. Qc2 a4 22. bxa4 Bxa2 23. Ra1 Qf7 24. Qc5 Rxa4 25. Red1 Raa8 26. Rd6 Be6 27. Rxa8 Rxa8 28. Qb6 h6 29. Rd8+ Rxd8 30. Qxd8+ Kh7 31. Qb6 Qd7 32. Bd4 Kg6 33. Kh2 Kh5 34. Bc5 g5 35. Bd6 Kg6 36. g3 Bc4 37. Qd4 Qf7 38. g4 gxf4 39. exf4 Qd5 40. Qg1 Qd2+ 41. Kg3 e3 42. Bc5 e2 43. Bf2 b5 44. Be1 Qd1 45. Kh4 Bf7 46. e6 Bxe6 47. gxf5+ Kxf5 48. Qg4+ Kf6 49. Bc3+ Kf7 50. Qg7+ Ke8 51. Qh8+ Kd7 52. Qg7+ Kc8 53. Qe5 Kd7 54. f5 Bc4 55. f6 Qd6 56. Qe3 Qe6 57. Qa7+ Kd6 58. Qd4+ Qd5 59. Qf4+ Kd7 60. Qe3 Qg5+ 0-1